000 00258nam a2200109Ia 4500
008 200302s9999 xx 000 0 und d
100 _aDanielle Miller & Other
245 _aTropical Minimal
260 _bThomes & Hudson.com
260 _c2006
300 _a192
999 _c3406
_d3406